LEADER 01041nam a2200253 u 4500 001 000000071243 003 CaOOAMICUS 005 20070226122117.0 008 020522s1967 gw u000 u ger u 035 $a10930775 040 $aPUL(R)$bita 100 1 $aOverhage, Paul.$0(OLS)http://pul/name/12006 245 10$aExperiment Menschheit :$bdie Steuerung der menschlichen Evolution /$cPaul Overhage. 260 $aFrankfurt am Main :$bKnecht,$cc1967. 300 $a463 p. ;$c23 cm 504 $aBibliografia in nota. 650 4$aEvoluzione.$0(OLS)http://pul/subject/1620 650 4$aAntropogenesi.$0(OLS)http://pul/subject/23655 850 $aPUL 852 $aPUL$W1$xDP1 Cons. Gen., Altre Classi 1$y22$m765 B 34$j92168$nBK-PRI$b $qStampati$B92168$CPULBib$Z2$F92168 $H $81 941 1 $a8 961 $aINV: 63752 996 $6245$aExperiment Menschheit :$bdie Steuerung der menschlichen Evolution$9(OLS)http://pul/title/93813 996 $6260$aFrankfurt am Main :$bKnecht$9(OLS)http://pul/publisher/62328 LEADER 01408nam a2200325 a 4500 001 000000137550 003 CaOOAMICUS 005 20140226155017.0 008 140226s2013 it u100 u ita r 020 $a978-88-10-40246-7 040 $aPUL$bita 041 1 $aita$heng 082 04$a222 100 1 $aBlenkinsopp, Joseph.$0(OLS)http://pul/name/25247 240 10$aCreation, un-Creation, re-Creation.$lItaliano.$0(OLS)http://pul/title/174154 245 10$aCreazione, de-creazione, nuova creazione :bintroduzione e commento a Genesi 1-11 /$cJoseph Blenkinsopp. 260 $aBologna :$bEDB,$cİ2013. 300 $a289 p. ;$c21 cm 490 1 $aEpifania della parola. Nuova serie ;$v05 504 $aBibliografia p. 263-278. 630 04$aBiblia.$pV.T.$pGenesis$xCommenti.$0(OLS)http://pul/subject/637 830 0$aEpifania della parola.$pNuova serie ;$v05.$0(OLS)http://pul/title/32693 850 $aPUL 852 $aPUL$W1$xSL Religione 3$y85$m222 BLEJO 2$j158633$qDDC 21$B158079$CPULBib$Z2$F158079 $H123531 $82 941 1 $a9 996 $6020$a978-88-10-40246-7$9(OLS)http://pul/number/154642 996 $6082$a222$9(OLS)http://pul/classification/563 996 $6245$aCreazione, de-creazione, nuova creazione :bintroduzione e commento a Genesi 1-11$9(OLS)http://pul/title/174155 996 $6260$aBologna :$bEDB$9(OLS)http://pul/publisher/56073